<?xml version="1.0" encoding="UTF-8"?>
<record
    xmlns:xsi="http://www.w3.org/2001/XMLSchema-instance"
    xsi:schemaLocation="http://www.loc.gov/MARC21/slim http://www.loc.gov/standards/marcxml/schema/MARC21slim.xsd"
    xmlns="http://www.loc.gov/MARC21/slim">

  <leader>00619nam a22002537a 4500</leader>
  <controlfield tag="003">UA-OsUOA</controlfield>
  <controlfield tag="001"> 22524 </controlfield>
  <controlfield tag="007">ta</controlfield>
  <controlfield tag="008">20031222b un ||||| |||| 00| 0 ukr d</controlfield>
  <datafield tag="090" ind1=" " ind2=" ">
    <subfield code="a">177</subfield>
    <subfield code="b">&#x414;29</subfield>
  </datafield>
  <datafield tag="942" ind1=" " ind2=" ">
    <subfield code="c">BK</subfield>
  </datafield>
  <datafield tag="040" ind1=" " ind2=" ">
    <subfield code="a">UA-OsUOA</subfield>
    <subfield code="b">ukr</subfield>
    <subfield code="c">UA-OsUOA</subfield>
    <subfield code="d">UA-OsUOA</subfield>
  </datafield>
  <datafield tag="245" ind1=" " ind2=" ">
    <subfield code="a">&#x414;&#x435;&#x43B;&#x43E;&#x432;&#x43E;&#x439; &#x44D;&#x442;&#x438;&#x43A;&#x435;&#x442;</subfield>
    <subfield code="c">&#x421;&#x43E;&#x441;&#x442;. &#x418;.&#x410;&#x444;&#x430;&#x43D;&#x430;&#x441;&#x44C;&#x435;&#x432;</subfield>
  </datafield>
  <datafield tag="300" ind1=" " ind2=" ">
    <subfield code="a">352 &#x441;.</subfield>
  </datafield>
  <datafield tag="955" ind1=" " ind2=" ">
    <subfield code="a">0</subfield>
  </datafield>
  <datafield tag="041" ind1=" " ind2=" ">
    <subfield code="a">ukr</subfield>
  </datafield>
  <datafield tag="080" ind1=" " ind2=" ">
    <subfield code="a">177</subfield>
  </datafield>
  <datafield tag="020" ind1=" " ind2=" ">
    <subfield code="a">966-542-096-8</subfield>
  </datafield>
  <datafield tag="260" ind1=" " ind2=" ">
    <subfield code="a">&#x41A;&#x438;&#x457;&#x432;</subfield>
    <subfield code="b">&#x410;&#x43B;&#x44C;&#x442;&#x435;&#x440;&#x43F;&#x440;&#x435;&#x441;</subfield>
    <subfield code="c">2001</subfield>
  </datafield>
  <datafield tag="044" ind1=" " ind2=" ">
    <subfield code="a">UA</subfield>
  </datafield>
  <datafield tag="250" ind1=" " ind2=" ">
    <subfield code="n">2-&#x435;&#x438;&#x437;&#x434;., &#x434;&#x43E;&#x43F;. &#x438; &#x43F;&#x435;&#x440;&#x435;&#x440;&#x430;&#x431;.</subfield>
  </datafield>
  <datafield tag="650" ind1=" " ind2="7">
    <subfield code="2">UDC</subfield>
  </datafield>
  <datafield tag="999" ind1=" " ind2=" ">
    <subfield code="c">308744</subfield>
    <subfield code="d">308744</subfield>
  </datafield>
  <datafield tag="952" ind1=" " ind2=" ">
    <subfield code="0">0</subfield>
    <subfield code="1">0</subfield>
    <subfield code="2">udc</subfield>
    <subfield code="4">0</subfield>
    <subfield code="7">0</subfield>
    <subfield code="a">102</subfield>
    <subfield code="b">102</subfield>
    <subfield code="d">2003-12-22</subfield>
    <subfield code="g">5.00</subfield>
    <subfield code="i">63157</subfield>
    <subfield code="l">0</subfield>
    <subfield code="o">177 &#x414;29</subfield>
    <subfield code="p">63157</subfield>
    <subfield code="r">2022-02-07 00:00:00</subfield>
    <subfield code="w">2003-12-22</subfield>
    <subfield code="y">BK</subfield>
  </datafield>
  <datafield tag="952" ind1=" " ind2=" ">
    <subfield code="0">0</subfield>
    <subfield code="1">0</subfield>
    <subfield code="2">udc</subfield>
    <subfield code="4">0</subfield>
    <subfield code="7">0</subfield>
    <subfield code="a">102</subfield>
    <subfield code="b">102</subfield>
    <subfield code="d">2003-12-22</subfield>
    <subfield code="g">3.00</subfield>
    <subfield code="i">63159</subfield>
    <subfield code="l">0</subfield>
    <subfield code="o">177 &#x414;29</subfield>
    <subfield code="p">63159</subfield>
    <subfield code="r">2022-02-07 00:00:00</subfield>
    <subfield code="w">2003-12-22</subfield>
    <subfield code="y">BK</subfield>
  </datafield>
  <datafield tag="952" ind1=" " ind2=" ">
    <subfield code="0">0</subfield>
    <subfield code="1">0</subfield>
    <subfield code="2">udc</subfield>
    <subfield code="4">0</subfield>
    <subfield code="7">0</subfield>
    <subfield code="a">102</subfield>
    <subfield code="b">102</subfield>
    <subfield code="d">2003-12-22</subfield>
    <subfield code="g">26.51</subfield>
    <subfield code="i">63160</subfield>
    <subfield code="l">0</subfield>
    <subfield code="o">177 &#x414;29</subfield>
    <subfield code="p">63160</subfield>
    <subfield code="r">2022-02-07 00:00:00</subfield>
    <subfield code="w">2003-12-22</subfield>
    <subfield code="y">BK</subfield>
  </datafield>
  <datafield tag="952" ind1=" " ind2=" ">
    <subfield code="0">0</subfield>
    <subfield code="1">0</subfield>
    <subfield code="2">udc</subfield>
    <subfield code="4">0</subfield>
    <subfield code="7">0</subfield>
    <subfield code="a">102</subfield>
    <subfield code="b">102</subfield>
    <subfield code="d">2003-12-22</subfield>
    <subfield code="g">8.80</subfield>
    <subfield code="i">90370</subfield>
    <subfield code="l">0</subfield>
    <subfield code="o">177 &#x414;29</subfield>
    <subfield code="p">90370</subfield>
    <subfield code="r">2022-02-07 00:00:00</subfield>
    <subfield code="w">2003-12-22</subfield>
    <subfield code="y">BK</subfield>
  </datafield>
</record>
